[Event "GER-ch U25 op-C"]
[Site "Willingen"]
[Date "2024.05.23"]
[Round "7"]
[White "Kasten, Luna Seraphine"]
[Black "Prokscha, Kilian"]
[Result "0-1"]
[WhiteElo "917"]
[BlackElo "695"]
[PlyCount "84"]
[EventDate "2024.05.19"]
[EventType "swiss"]
[EventRounds "9"]
[EventCountry "GER"]
[SourceTitle "EXT 2025"]
[Source "ChessBase"]
[SourceDate "2024.10.14"]
[SourceVersion "1"]
[SourceVersionDate "2024.10.14"]
[SourceQuality "1"]

1. e4 d5 2. Nc3 e6 3. Nf3 Nf6 4. e5 Ng4 5. h3 Nh6 6. d4 Bb4 7. a3 Bxc3+ 8. bxc3 0-0 9. Bd3 c6 10. 0-0 Nd7 11. Qd2 Qe7 12. Qf4 Nf5 13. Bxf5 exf5 14. Qg3 g6 15. Ng5 f6 16. exf6 Nxf6 17. a4 Qd7 18. Re1 Re8 19. Rxe8+ Nxe8 20. Ba3 Nf6 21. Qe5 Ne4 22. Nxe4 dxe4 23. Qf6 Qe8 24. Bf8 Qxf8 25. Qxf8+ Kxf8 26. Rb1 b6 27. Rb4 c5 28. Rc4 cxd4 29. cxd4 Ba6 30. Rc7 h5 31. d5 Rd8 32. c4 Rc8 33. Rxa7 Bxc4 34. d6 Rd8 35. Rc7 Be6 36. Rc6 Bd7 37. Rxb6 Bxa4 38. Ra6 Be8 39. f3 exf3 40. gxf3 Bd7 41. Kf2 f4 42. Ke2 Bb5+ 0-1